English Football League Champions - Statistics

General Stats
  • This quiz has been taken 2,237 times
    1,533 since last reset
  • The average score is 19 of 24
Answer Stats
Year Title Winners % Correct
1937 Manchester City
99%
1931 Arsenal
98%
1955 Chelsea
98%
1901 Liverpool
98%
1908 Manchester United
98%
2016 Leicester City
94%
1951 Tottenham Hostpur
89%
1894 Aston Villa
88%
1912 Blackburn Rovers
88%
1891 Everton
88%
1905 Newcastle United
85%
1969 Leeds United
84%
1978 Nottingham Forest
80%
1892 Sunderland
76%
1954 Wolverhampton Wanderers
72%
1898 Sheffield United
68%
1903 Sheffield Wednesday
68%
1972 Derby County
65%
1921 Burnley
63%
1889 Preston North End
63%
1920 West Bromwich Albion
60%
1924 Huddersfield Town
58%
1962 Ipswich Town
58%
1949 Portsmouth
56%
No matching quizzes found
Score Distribution
Percent of People with Each Score
Percentile by Number Answered
Your Score History
You have not taken this quiz since the last reset